|
|
|
|
| LEADER |
02441nam a22004815i 4500 |
| 001 |
978-1-4471-2210-4 |
| 003 |
DE-He213 |
| 005 |
20141121045406.0 |
| 007 |
cr nn 008mamaa |
| 008 |
141121s2014 xxk| s |||| 0|eng d |
| 020 |
|
|
|a 9781447122104
|9 978-1-4471-2210-4
|
| 024 |
7 |
|
|a 10.1007/978-1-4471-2210-4
|2 doi
|
| 040 |
|
|
|d GrThAP
|
| 050 |
|
4 |
|a RB1-214
|
| 072 |
|
7 |
|a MMF
|2 bicssc
|
| 072 |
|
7 |
|a MED067000
|2 bisacsh
|
| 082 |
0 |
4 |
|a 616.07
|2 23
|
| 100 |
1 |
|
|a McCluggage, W. Glenn.
|e author.
|
| 245 |
1 |
0 |
|a Cellular Pathology of Glandular Lesions and Uncommon Neoplasms of the Cervix
|h [electronic resource] /
|c by W. Glenn McCluggage, John Tidy, John H.F. Smith.
|
| 264 |
|
1 |
|a London :
|b Springer London :
|b Imprint: Springer,
|c 2014.
|
| 300 |
|
|
|a XII, 187 p. 155 illus. in color.
|b online resource.
|
| 336 |
|
|
|a text
|b txt
|2 rdacontent
|
| 337 |
|
|
|a computer
|b c
|2 rdamedia
|
| 338 |
|
|
|a online resource
|b cr
|2 rdacarrier
|
| 347 |
|
|
|a text file
|b PDF
|2 rda
|
| 505 |
0 |
|
|a Introduction -- The Normal Cervix.- Benign Endocervical Glandular Lesions.- Premalignant Glandular Lesions Of The Cervix.- Malignant Glandular Lesions Of The Cervix.- Other Neoplasms Of The Cervix.- Cytology Of Glandular Lesions -- Cytology Of Other Neoplasms Of The Cervix.- Colposcopy and Management of Glandular Neoplasia.
|
| 520 |
|
|
|a This book provides a comprehensive account of the cellular pathology of glandular lesions and uncommon neoplasms of the cervix and places these in a contemporary clinical context. The book features comprehensive, detailed descriptions and a consistent approach to each tumor or tumor-like condition with clear color illustrations. Cytological/histological correlation is emphasised and diagnostic pitfalls are highlighted. Cellular Pathology of Glandular Lesions and Uncommon Neoplasms of the Cervix is aimed at both trainee and consultant pathologists.
|
| 650 |
|
0 |
|a Medicine.
|
| 650 |
|
0 |
|a Gynecology.
|
| 650 |
|
0 |
|a Oncology.
|
| 650 |
|
0 |
|a Pathology.
|
| 650 |
1 |
4 |
|a Medicine & Public Health.
|
| 650 |
2 |
4 |
|a Pathology.
|
| 650 |
2 |
4 |
|a Oncology.
|
| 650 |
2 |
4 |
|a Gynecology.
|
| 700 |
1 |
|
|a Tidy, John.
|e author.
|
| 700 |
1 |
|
|a Smith, John H.F.
|e author.
|
| 710 |
2 |
|
|a SpringerLink (Online service)
|
| 773 |
0 |
|
|t Springer eBooks
|
| 776 |
0 |
8 |
|i Printed edition:
|z 9781447122098
|
| 856 |
4 |
0 |
|u http://dx.doi.org/10.1007/978-1-4471-2210-4
|z Full Text via HEAL-Link
|
| 912 |
|
|
|a ZDB-2-SME
|
| 950 |
|
|
|a Medicine (Springer-11650)
|